000 00569nam a22001937a 4500
003 CEME
005 20210628203458.0
008 210316b xxu||||| |||| 00| 0 eng d
020 _a0-02-304241-9
040 _c.
082 _a621.3916 ASS'M
100 _aBahrenburg, Richard , Asser, Stuart Pe , Stigliano, Vincent Pe
_965699
245 _aMicrocomputer servicing , practical systems and troubleshooting
250 _a2ND
260 _aNEWYORK
_bMACMILLAN
_c1943
300 _a597P
650 _aMICROCOMPUTERS MAINTENANCE AND REPORTS
_965700
942 _cBK
_2ddc
999 _c573837
_d573837